Normal view
MARC view
Entry Personal Name
001 - CONTROL NUMBER
- control field: 17381
003 - CONTROL NUMBER IDENTIFIER
- control field: dpl
005 - DATE AND TIME OF LATEST TRANSACTION
- control field: 20100828143129.0
008 - FIXED-LENGTH DATA ELEMENTS
- fixed length control field: 100828|||a|||||| | ||| d
040 ## - CATALOGING SOURCE
- Original cataloging agency: dpl
- Transcribing agency: dpl
100 ## - HEADING--PERSONAL NAME
- Personal name: शर्मा, कृष्ण स्वरूप ' मैथिलेन्द्र '
670 ## - SOURCE DATA FOUND
- Source citation: Work cat.: (dpl)34689: शर्मा, कृष्ण स्वरूप ' मैथिलेन्द्र ', दोहे- विभिन्न स्वरूप /, 2009
670 ## - SOURCE DATA FOUND
- Source citation: Work cat.: (dpl)34689: शर्मा, कृष्ण स्वरूप ' मैथिलेन्द्र ', दोहे- विभिन्न स्वरूप /, 2009
